00905nas a2200241Ia 4500001002700000003001000027008004100037040002500078041001200103100001900115210004700134222004700181240006200228245006200290250001100352260000900363501012300372300001400495362003300509500007200542650002700614700002200641A50/R182-6082 [r000003265]IT-MiCISF161014c99999999xx |||||||||||| ||und|| aIT-MiCISFcIT-MiCISF aINGLESE aRtenberg Naomi aInternational Family Planning Perspectives aInternational Family Planning Perspectives aFemale Sterilization and its Demographic Impact in Brazil 0aFemale Sterilization and its Demographic Impact in Brazil a1a ed. c1988 bCISF - Centro Internazionale Studi Famiglia - Via Giotto, 36 20145 MILANO (non commercial uses only)cCopyright 2016 app. 61-67 avol. 14, n. 2, giugno [1988] a Tema: procreazione, donna, situazione-demografica, sterilizzazione aPROCREAZIONEvarticolo a Ferraz Elisabeth